|
|
|
|
| LEADER |
00000nam a2200000 a 4500 |
| 001 |
UCK0260 |
| 003 |
CL-VaPUC |
| 005 |
20231004164155.0 |
| 008 |
040924e20020000MX |||||||||||||||||spa|d |
| 999 |
|
|
|c 310748
|d 310746
|
| 020 |
|
|
|a 9682319447
|
| 040 |
|
|
|c Pontificia Universidad Católica de Valparaíso
|
| 082 |
0 |
4 |
|a 371.1
|b FRE
|2 21
|
| 100 |
|
|
|a Freire, Paulo
|e autor
|9 352356
|
| 245 |
1 |
0 |
|a Cartas a quien pretende enseñar
|
| 250 |
|
|
|a 8a. ed
|
| 260 |
|
|
|a Ciudad de México
|b Siglo XXI
|c 2002
|
| 300 |
|
|
|a 141 p
|
| 490 |
0 |
|
|a Educación
|
| 583 |
|
|
|a last modification
|c 20040924 00:00:00
|k Rodrigo Vera
|
| 650 |
|
0 |
|a Formación Docente
|9 307493
|
| 650 |
|
0 |
|a Orientación Vocacional
|9 258384
|
| 942 |
|
|
|c BK
|2 ddc
|
| 945 |
|
|
|d 20040924 00:00:00
|a cmena
|
| 952 |
|
|
|0 0
|1 0
|4 0
|6 371_100000000000000_FRE_2002
|7 0
|8 R
|9 379710
|a BIBEDU
|b BIBEDU
|c MCIRC
|d 2019-11-21
|i 4065840
|l 4
|o 371.1 FRE 2002
|p 4065840
|r 2024-04-01
|s 2024-03-26
|w 2019-11-21
|y BK_R
|k PAR
|